| 000 | 00494nam a2200205Ia 4500 | ||
|---|---|---|---|
| 008 | 161112s9999 xx 000 0 und d | ||
| 020 | _a978-0-600-61514-9 | ||
| 050 | _aCUL TX 951 | ||
| 050 | _b.G34 2006 | ||
| 100 | _aGage, Allan. | ||
| 245 | 0 | _aMargarita martini mojito / | |
| 245 | 0 | _cAllan Gage. | |
| 260 | _aGreat Britain : | ||
| 260 | _bHamlyn, | ||
| 260 | _c2006 | ||
| 300 | _a96 pages : | ||
| 300 | _bcolor illustrations ; | ||
| 300 | _c17 cm. | ||
| 500 | _aIncludes index. | ||
| 999 |
_c305231 _d305231 |
||